Т. 1 : Основы механики жидкостей и газов; Гидравлика

Bibliografiske detaljer
Parent link:Гидравлика: учебник/ В. И. Иванов [и др.]. Т. 1 : Основы механики жидкостей и газов.— , 2012.— 978-5-7695-8055-0
Summary:Учебник создан в соответствии с Федеральным государственным образовательным стандартом по направлению подготовки «Конструкторско-технологическое обеспечение машиностроительных производств» (квалификация «бакалавр»).Изложены основные законы жидкой и газовой рабочих сред, характери­стики одномерного течения рабочих сред, а также приведены сведения о гидравлических сопротивлениях. Описаны виды течения жидкостей. Даны основы теории подобия, а также расчеты трубопроводов. Изложены основные закономерности, описывающие динамические процессы, происходящие в трубопроводах.Для студентов учреждений высшего профессионального образования.
Sprog:russisk
Udgivet: 2012
Fag:
Format: MixedMaterials Bog
KOHA link:https://koha.lib.tpu.ru/cgi-bin/koha/opac-detail.pl?biblionumber=319453

MARC

LEADER 00000nam2a2200000 4500
001 319453
005 20231102003200.0
010 |a 9785769580543 
035 |a (RuTPU)RU\TPU\book\344962 
090 |a 319453 
100 |a 20160531d2012 m y0rusy50 ca 
101 0 |a rus 
102 |a RU 
105 |a a j 001zy 
200 0 |a Т. 1 : Основы механики жидкостей и газов 
210 |d 2012 
215 |a 189 с.  |c ил. 
320 |a Библиогр.: с. 187 
330 |a Учебник создан в соответствии с Федеральным государственным образовательным стандартом по направлению подготовки «Конструкторско-технологическое обеспечение машиностроительных производств» (квалификация «бакалавр»).Изложены основные законы жидкой и газовой рабочих сред, характери­стики одномерного течения рабочих сред, а также приведены сведения о гидравлических сопротивлениях. Описаны виды течения жидкостей. Даны основы теории подобия, а также расчеты трубопроводов. Изложены основные закономерности, описывающие динамические процессы, происходящие в трубопроводах.Для студентов учреждений высшего профессионального образования. 
461 1 |0 (RuTPU)RU\TPU\book\349341  |y 978-5-7695-8055-0  |t Гидравлика  |o учебник  |o в 2 т.  |f В. И. Иванов [и др.]  |v Т. 1 : Основы механики жидкостей и газов  |d 2012  |s Высшее профессиональное образование. Бакалавриат 
606 1 |a Гидравлика  |2 stltpush  |3 (RuTPU)RU\TPU\subj\6462  |9 34344 
610 1 |a физика 
610 1 |a жидкости 
610 1 |a физические законы 
610 1 |a газы 
610 1 |a гидростатика 
610 1 |a давление 
610 1 |a потоки 
610 1 |a уравнение неразрывности 
610 1 |a движение 
610 1 |a течения 
610 1 |a гидродинамические процессы 
610 1 |a сопротивление 
610 1 |a истечение 
610 1 |a трубопроводы 
610 1 |a неустановившиеся движения 
610 1 |a одномерное течение 
610 1 |a расчеты 
610 1 |a учебники 
675 |a 532(075.8)  |v 4 
801 1 |a RU  |b 63413507  |c 20160531 
801 2 |a RU  |b 63413507  |c 20161028  |g RCR 
900 |a Гидравлика 
900 |a Механика жидкости и газа 
942 |c BK 
951 |l 8.1 
959 |a 41/20160513  |d 3  |e 560,00  |f ЧЗТЛ:1  |f УФ:2